000 00886cad a22001935a 4500
001 L152154
008 110203s2011 xxk f 000 0 eng d
035 _a(Sirsi) u152154
041 0 _aeng
110 2 _aNational Buildings Specification
_95911
245 0 0 _aPractice management
_bthe technology survey
_h[electronic resource]
260 _aLondon
_bRIBA
_c2011
520 _aResults of a survey to find out how much the construction industry in the UK is embracing new technology; attitudes to new technology adoption, technological devices used for work purposes, use of software applications, investing in new technology.
590 _aKA NTK
651 4 _aUnited Kingdom
_y
690 _aConstruction management
_96230
856 4 0 _uhttps://www.thenbs.com/topics/PracticeManagement/articles/theTechnologySurvey.asp
_zView this item free of charge at www.thenbs.com
942 _n0
999 _c111898
_d111898